Natural gas and LP odorization : an international conference /
Guardado en:
| Autor Corporativo: | |
|---|---|
| Formato: | Libro |
| Idioma: | English |
| Publicado: |
Des Plaines, IL :
IGT,
1998.
|
| Materias: | |
| Etiquetas: |
Agregar Etiqueta
Sin Etiquetas, Sea el primero en etiquetar este registro!
|
| LEADER | 00748nam a22001815a 4500 | ||
|---|---|---|---|
| 001 | EIQ.libpla003532 | ||
| 008 | 080211s1998####ilua##########100#0#eng#d | ||
| 005 | 20080211155151.0 | ||
| 245 | 1 | 0 | |a Natural gas and LP odorization : |b an international conference / |c Institute of Gas Technology. |
| 260 | |a Des Plaines, IL : |b IGT, |c 1998. | ||
| 300 | |a 1v. (hoja sustituible) : |b il. ; |c 28 cm. | ||
| 111 | 2 | |a International Conference & Exposition on Natural Gas and LP Odorization |d (1998 : |c Regal Knickerbocker Hotel, Chicago) | |
| 650 | 4 | |a Gas natural |x Congresos. | |
| 650 | 4 | |a Odorización |x Congresos. | |
| 650 | 4 | |a Natural gas |x Congresses. | |
| 650 | 4 | |a Odorization. |x Congresses. | |
| 040 | |a AR-BbSID |b spa |c AR-BbSID | ||
| 859 | |a AR-BbSID |b BIB. PLAPIQUI |h 665.73 |i In 8 |p 5381 | ||
